The History of the Ingenious Gentleman Don Quixote of La Mancha (Record no. 2993)

MARC details
000 -CABECERA
campo de control de longitud fija 01958nam a2200337 a 4500
001 - NÚMERO DE CONTROL
campo de control BRCA_3257
005 - FECHA Y HORA DE LA ÚLTIMA TRANSACCIÓN
campo de control 20190320204205.0
008 - DATOS DE LONGITUD FIJA--INFORMACIÓN GENERAL
campo de control de longitud fija 120309s1822----enka---###---#000-0#eng-#
041 ## - CÓDIGO DE LENGUA
Código de lengua del texto/banda sonora o título independiente eng
044 ## - CÓDIGO DEL PAÍS DE LA ENTIDAD EDITORA/PRODUCTORA
Código MARC del país enk
084 ## - OTRO NÚMERO DE CLASIFICACIÓN
Número de clasificación 558
Número de documento/Ítem .R63
-- 1822
100 1# - ENTRADA PRINCIPAL--NOMBRE DE PERSONA
Nombre de persona Cervantes Saavedra, Miguel de
Fechas asociadas al nombre 1547-1616
9 (RLIN) 213
245 10 - MENCIÓN DE TÍTULO
Título The History of the Ingenious Gentleman Don Quixote of La Mancha
Mención de responsabilidad, etc. Translated from the Spanish by Motteux.
260 ## - PUBLICACIÓN, DISTRIBUCIÓN, ETC.
Lugar de publicación, distribución, etc. Edinburgo
Nombre del editor, distribuidor, etc. Hurst Robinson and Co.
Fecha de publicación, distribución, etc. 1822
300 ## - DESCRIPCIÓN FÍSICA
Extensión 5 v.
Otras características físicas il.
Dimensiones 19 cm.
500 ## - NOTA GENERAL
Nota general Contenido : v.1. Primera parte. Vida de Cervantes por J. G. Lockhart. Prólogo del autor. Notas. -- v.2. Texto. Notas. -- v.3. Texto. Notas. -- v.4. Segunda parte. Notas. -- v.5. Texto. Notas
500 ## - NOTA GENERAL
Nota general Edición : A new Edition with Copious Notes and Essay on the Life and Writings of Cervantes by J. G. Lockhart
500 ## - NOTA GENERAL
Nota general Traducción de Motteux, acompañada de un ensayo sobre la vida de Cervantes inspirada en la excelente, escrita por M. F. de Navarrete, con notas al final de los tomos, sacadas de las ediciones de la Academia, de la de Pellicer y de J. Bowle, por J. G. Lockhart. El trabajo de este último es verdaderamente bueno y recomendable para los lectores de lengua inglesa. La edición muy bien impresa y digna de aprecio. Piel; planos orlados, lomos decorados con dorados Lúdovik Osterc
500 ## - NOTA GENERAL
Nota general Estado físico : vol. 1 encuadernación maltratada y lomo maltrecho
500 ## - NOTA GENERAL
Nota general QM945
546 ## - NOTA DE LENGUA/LENGUAJE
Nota de lengua/lenguaje Texto en : inglés
650 14 - PUNTO DE ACCESO ADICIONAL DE MATERIA--TÉRMINO DE MATERIA
Término de materia o nombre geográfico como elemento de entrada Novela española
Subdivisión cronológica Época clásica, 1500-1700
9 (RLIN) 215
650 14 - PUNTO DE ACCESO ADICIONAL DE MATERIA--TÉRMINO DE MATERIA
Término de materia o nombre geográfico como elemento de entrada Literatura española
Subdivisión cronológica Época clásica, 1500-1700
9 (RLIN) 216
650 14 - PUNTO DE ACCESO ADICIONAL DE MATERIA--TÉRMINO DE MATERIA
Término de materia o nombre geográfico como elemento de entrada Novela española
Subdivisión cronológica Siglo XVII
9 (RLIN) 217
650 14 - PUNTO DE ACCESO ADICIONAL DE MATERIA--TÉRMINO DE MATERIA
Término de materia o nombre geográfico como elemento de entrada Don Quijote (Personaje ficticio)
Término indicativo de función/relación Novela
9 (RLIN) 218
700 1# - PUNTO DE ACCESO ADICIONAL--NOMBRE DE PERSONA
Nombre de persona Motteux, Peter Anthony
Fechas asociadas al nombre 1663-1718
Término indicativo de función/relación Traductor
9 (RLIN) 8668
700 1# - PUNTO DE ACCESO ADICIONAL--NOMBRE DE PERSONA
Nombre de persona Lockhart, John Gibson
Fechas asociadas al nombre 1794-1854
Término indicativo de función/relación Anotador
9 (RLIN) 8669
740 0# - PUNTO DE ACCESO ADICIONAL--TÍTULO RELACIONADO O ANALÍTICO NO CONTROLADO
Título relacionado o analítico no controlado El Ingenioso Hidalgo Don Quijote de la Mancha
902 ## - CATALOGADOR
Iniciales QFM
942 ## - ELEMENTOS DE PUNTO DE ACCESO ADICIONAL (KOHA)
Fuente del sistema de clasificación o colocación Library of Congress Classification
Tipo de ítem Koha Libros
Holdings
Estado de retiro Estado de pérdida Estado dañado No para préstamo Localización permanente Ubicación/localización actual Fecha de adquisición Número de inventario Total de préstamos Signatura topográfica completa Código de barras Fecha visto por última vez Precio válido a partir de Tipo de ítem Koha
El ejemplar forma parte de la colección y puede ser consultado según las políticas vigentes.       Biblioteca del Museo Franz Mayer (Rogerio Casas-Alatriste) Biblioteca del Museo Franz Mayer (Rogerio Casas-Alatriste) 12/03/2009 QM945   558 .R63 1822 (QM945) 3254 22/03/2019 22/03/2019 Libros